Library Banner

Tareekh sultanat Usmania = تاریخ سلطنت عثمانیہ / (Record no. 108221)

MARC details
000 -LEADER
fixed length control field 00457nam a22001457a 4500
005 - DATE AND TIME OF LATEST TRANSACTION
control field 20181012100305.0
008 - FIXED-LENGTH DATA ELEMENTS--GENERAL INFORMATION
fixed length control field 181012b ||||| |||| 00| 0 eng d
040 ## - CATALOGING SOURCE
Transcribing agency PK-LaUMT
082 ## - DEWEY DECIMAL CLASSIFICATION NUMBER
Classification number 956.015
Item number UZA-T
100 ## - MAIN ENTRY--PERSONAL NAME
Personal name Uzair, Muhammad = عزیر، محمد
245 ## - TITLE STATEMENT
Title Tareekh sultanat Usmania = تاریخ سلطنت عثمانیہ /
Statement of responsibility, etc Muhammad Uzair = محمد عزیر
260 ## - PUBLICATION, DISTRIBUTION, ETC. (IMPRINT)
Place of publication, distribution, etc Lahore :
Name of publisher, distributor, etc Kitabmela,
Date of publication, distribution, etc 2018
300 ## - PHYSICAL DESCRIPTION
Extent 404 p.
942 ## - ADDED ENTRY ELEMENTS (KOHA)
Koha item type Books
Holdings
Withdrawn status Lost status Damaged status Home library Current library Date acquired Full call number Barcode Date last seen Price effective from Koha item type
      UMT Main Campus UMT Main Campus 2018-10-12 956.015 UZA-T 124691 2024-04-05 2018-10-12 Books